000 00721nam a2200241Ia 4500
003 OSt
005 20220918202600.0
006 a|||||r|||| 00| 0
007 ta
008 220917b |||||||| |||| 00| 0 eng d
024 _a102,295
037 _cTextual
040 _aARTS
_cARTS
_beng
041 _2eng
_aeng
082 _aV23671.N77<-J77, L8-;1
100 _aFauja Singh ed
245 0 _aCity of Amritsar
_b a study of historical cultural social and economic aspects
260 _aNew Delhi
_bOriental Pub and Distributors
_c1978
300 _axi,329p. illus tables
_ccm.
650 _aHISTORY
942 _hV23671.N77<-J77, L8-;1
_cTEXL
_2CC
999 _c225754
_d225754